Elements by Pictures - Statistics

General Stats
  • This quiz has been taken 442 times
  • The average score is 10 of 20
Answer Stats
Picture Answer % Correct
Gold
100%
Neon
89%
Copper
87%
Sodium
76%
Carbon
74%
Potassium
73%
Chlorine
72%
Iron
67%
Nickel
57%
Tin
56%
Fluorine
53%
Hydrogen
50%
Phosphorus
34%
Aluminium
33%
Calcium
33%
Uranium
28%
Chromium
22%
Radium
16%
Argon
13%
Krypton
7%
No matching quizzes found
Score Distribution
Percent of People with Each Score
Percentile by Number Answered
Your Score History
You have not taken this quiz